Statistics for 2015-2016 NHL Point Stats

Click here to take the quiz!

General Stats

  • This quiz has been taken 184 times
  • The average score is 18 of 30

Answer Stats

NumberAnswerPoints% Correct
3Sidney Crosby85
96%
15Alexander Ovechkin71
95%
1Patrick Kane106
89%
24Steven Stamkos64
79%
2Jamie Benn89
78%
18Patrice Bergeron68
78%
4Erik Karlsson82
76%
14Tyler Seguin73
71%
16John Tavares70
69%
12Anze Kopitar74
68%
17Nicklas Backstrom70
68%
21Nikita Kucherov66
68%
11Brent Burns75
65%
20Claude Giroux67
63%
7Joe Pavelski78
63%
29Ryan Getzlaf63
63%
5Joe Thornton82
60%
10Artemi Panarin77
59%
13Vladimir Tarasenko74
57%
23Taylor Hall65
56%
8Johnny Gaudreau78
52%
9Evgeny Kuznetsov77
51%
22Jaromir Jagr66
50%
6Blake Wheeler78
49%
19Kris Letang67
46%
27Filip Forsberg64
45%
25Max Pacioretty64
45%
28Sean Monahan63
37%
26Kyle Okposo64
29%
30Loui Eriksson63
17%

Score Distribution

Percentile by Number Answered

Percent of People with Each Score

Your Score History

You have not taken this quiz